MARC

LEADER 00000nam0a2200000 4500
001 284224
005 20231101235656.0
020 |a RU  |b 84-60728 
035 |a (RuTPU)RU\TPU\book\308364 
090 |a 284224 
100 |a 20150212d1984 k y0rusy5003 ca 
101 0 |a rus 
102 |a RU 
105 |a a z 000zy 
200 1 |a Геолого-геофизические аспекты изучения и оценки оловорудных районов Востока СССР  |e сборник научных статей  |f Всесоюзный научно-исследовательский институт минерального сырья (ВИМС) 
210 |a Москва  |c Изд-во ВИМС  |d 1984 
215 |a 145 с.  |c ил.  |d 21 см 
320 |a Библиогр.: с. 140-145 
606 1 |a Оловорудные месторождения  |2 stltpush  |3 (RuTPU)RU\TPU\subj\46984  |9 66055 
610 1 |a Северо-Восток СССР 
610 1 |a Приморье 
610 1 |a оловорудные районы 
610 1 |a прогноз 
610 1 |a интрузивный магматизм 
610 1 |a поздний мел 
610 1 |a глубинное строение 
610 1 |a гранитоидный магматизм 
610 1 |a тектоническое районирование 
610 1 |a геофизическая характеристика 
610 1 |a магниторазведочные данные 
610 1 |a рудные поля 
610 1 |a локальные метасоматиты 
610 1 |a геологическая среда 
610 1 |a неоднородность 
610 1 |a вертикальное электрическое зондирование 
610 1 |a кривые 
610 1 |a автоматическая обработка 
675 |a 553.45  |z rus  |v 4 
712 0 2 |a Всесоюзный научно-исследовательский институт минерального сырья (ВИМС)  |c (Москва)  |c (1935-1991)  |2 stltpush  |3 (RuTPU)RU\TPU\col\18352 
801 0 |a RU  |b RuMRKP  |c 19950704  |g psbo 
801 1 |a RU  |b 63413507  |c 20150212 
801 2 |a RU  |b 63413507  |c 20170222  |g RCR 
942 |c BK